[Event "Women's Speed Chess Q7"]
[Site "chess.com INT"]
[Date "2021.06.06"]
[Round "18"]
[White "Morris-Suzuki, Sophie"]
[Black "Bodnaruk, Anastasia"]
[Result "0-1"]
[WhiteTitle "WFM"]
[BlackTitle "IM"]
[WhiteElo "2043"]
[BlackElo "2446"]
[WhiteFideId "30922615"]
[BlackFideId "4181751"]
[EventDate "2021.06.06"]

1. e4 c5 2. Nc3 d6 3. Nf3 Nf6 4. d4 cxd4 5. Nxd4 a6 6. Bc4 e6 7. Bb3 b5 8. O-O
Be7 9. Qf3 Qb6 10. Be3 Qb7 11. Qg3 O-O 12. Bh6 Ne8 13. a3 Bf6 14. Be3 Bd7 15.
Rad1 Nc6 16. Nxc6 Bxc6 17. f3 a5 18. Kh1 a4 19. Ba2 b4 20. axb4 Qxb4 21. Rb1 a3
22. Bb3 axb2 23. Na2 Qb7 24. Qe1 Ba4 25. Bxa4 Rxa4 26. Nc3 Ra3 27. Nd1 Ra1 28.
Nf2 Nc7 29. Nd3 Rfa8 30. Bd2 Rxb1 31. Qxb1 Ra1 32. Qxa1 bxa1=Q 33. Rxa1 Bxa1 0-1

[Event "Women's Speed Chess Q7"]
[Site "chess.com INT"]
[Date "2021.06.06"]
[Round "18"]
[White "Perez Rodriguez, Jennifer"]
[Black "Arpita, Mukherjee"]
[Result "0-1"]
[WhiteTitle "WIM"]
[BlackTitle "WIM"]
[WhiteElo "2251"]
[BlackElo "2206"]
[WhiteFideId "3507831"]
[BlackFideId "5056403"]
[EventDate "2021.06.06"]

1. e4 c5 2. c3 d5 3. exd5 Qxd5 4. d4 g6 5. Nf3 Bg7 6. Be3 cxd4 7. Bxd4 Nf6 8.
Na3 O-O 9. Bc4 Qd8 10. O-O Bg4 11. h3 Bd7 12. Qe2 Nc6 13. Be3 e5 14. Rad1 e4 15.
Nd4 Ne5 16. Bb3 Qe7 17. Nc4 Nxc4 18. Bxc4 h5 19. Nb5 Nh7 20. Nd6 Be6 21. Bc5
Bxc4 22. Qxc4 Qe5 23. Nxe4 Rac8 24. Qd4 Qf4 25. Bxf8 Bxd4 26. Bd6 Qxe4 27. Rxd4
Qe2 28. Rfd1 Ng5 29. Be5 Qxe5 30. Kf1 Re8 0-1

[Event "Women's Speed Chess Q7"]
[Site "chess.com INT"]
[Date "2021.06.06"]
[Round "18"]
[White "Kabanova, Ekaterina"]
[Black "Pourkashiyan, Atousa"]
[Result "0-1"]
[WhiteTitle "WFM"]
[BlackTitle "WGM"]
[WhiteElo "2138"]
[BlackElo "2322"]
[WhiteFideId "24112917"]
[BlackFideId "12502014"]
[EventDate "2021.06.06"]

1. c4 e6 2. e3 d5 3. Qc2 Nf6 4. a3 Be7 5. b4 O-O 6. Bb2 a5 7. bxa5 Nc6 8. Nf3
Nxa5 9. c5 b6 10. cxb6 cxb6 11. h4 Bb7 12. Ng5 Rc8 13. Qd3 Ne4 14. Nc3 Bxg5 15.
hxg5 Qxg5 16. f3 Qg3+ 17. Ke2 Ba6 18. fxe4 Bxd3+ 19. Kxd3 dxe4+ 20. Nxe4 Qg6 21.
Rh4 Nc4 22. Bc3 Nd6 23. Kd4 Nf5+ 24. Kd3 Nxh4 25. g4 Rfd8+ 26. Ke2 Qxe4 27. Rb1
Qxb1 28. Bg2 Qg1 29. Bd4 Qxg2+ 30. Kd3 Nf3 31. g5 Qf1+ 32. Ke4 Nxg5+ 33. Ke5
Qf5# 0-1

[Event "Women's Speed Chess Q7"]
[Site "chess.com INT"]
[Date "2021.06.06"]
[Round "18"]
[White "Mkrtchian, Lilit"]
[Black "Nguyen, Hong Ngoc"]
[Result "1-0"]
[WhiteTitle "IM"]
[BlackTitle "WCM"]
[WhiteElo "2388"]
[BlackElo "1957"]
[WhiteFideId "13300601"]
[BlackFideId "12403083"]
[EventDate "2021.06.06"]

1. e4 c5 2. Nc3 d6 3. d4 cxd4 4. Qxd4 Nc6 5. Qd2 Nf6 6. b3 e5 7. Bb2 Be6 8.
O-O-O Qc7 9. f3 a6 10. g4 O-O-O 11. g5 Nd7 12. Nd5 Bxd5 13. exd5 Ne7 14. Kb1 h6
15. gxh6 gxh6 16. Ne2 h5 17. Nc3 Bh6 18. Qe1 Kb8 19. Ne4 Nc5 20. Nxc5 Qxc5 21.
c4 Nf5 22. Bd3 Ne3 23. Rc1 f5 24. b4 Qc7 25. c5 Bg7 26. Qxe3 Bh6 27. Qe2 Bxc1
28. Rxc1 dxc5 29. Bxe5 Rd6 30. bxc5 Ka8 31. Bxd6 Qa5 32. Qb2 Re8 33. Ka1 f4 34.
Rb1 b5 35. cxb6 Kb7 36. Be4 Rc8 37. Bxf4 h4 38. d6+ Kb8 39. d7+ Rc7 40. bxc7+
Ka7 41. Qb8# 1-0

[Event "Women's Speed Chess Q7"]
[Site "chess.com INT"]
[Date "2021.06.06"]
[Round "18"]
[White "Grineva, Marianna"]
[Black "Vine, Elzbieta"]
[Result "1-0"]
[WhiteTitle "WFM"]
[BlackTitle "WFM"]
[WhiteElo "2029"]
[BlackElo "2138"]
[WhiteFideId "14102013"]
[BlackFideId "1119320"]
[EventDate "2021.06.06"]

1. e4 c5 2. b4 cxb4 3. a3 e5 4. Nf3 Nc6 5. Bb5 Nf6 6. O-O bxa3 7. Bxa3 Bxa3 8.
Nxa3 O-O 9. Nc4 Nxe4 10. Ncxe5 Nxe5 11. Nxe5 d6 12. Nf3 Bg4 13. h3 Bh5 14. Re1
d5 15. Bd3 Nc5 16. Bb5 a6 17. Bf1 d4 18. d3 Ne6 19. g4 Bg6 20. Qd2 Qc7 21. Ne5
Rac8 22. Rac1 Qc3 23. Qe2 h6 24. Qf3 Ng5 25. Qg2 b5 26. f4 1-0

[Event "Women's Speed Chess Q7"]
[Site "chess.com INT"]
[Date "2021.06.06"]
[Round "18"]
[White "Eswaran, Aksithi"]
[Black "Hng, Mei-En Emmanuelle"]
[Result "1-0"]
[WhiteTitle "WCM"]
[BlackTitle "WFM"]
[WhiteElo "1745"]
[BlackElo "2013"]
[WhiteFideId "2083485"]
[BlackFideId "5804566"]
[EventDate "2021.06.06"]

1. e4 c5 2. Nf3 e6 3. d4 cxd4 4. Nxd4 a6 5. c4 Qc7 6. Nc3 Nf6 7. Be3 Bb4 8. Bd3
Nc6 9. Nxc6 dxc6 10. O-O O-O 11. f4 e5 12. f5 Rd8 13. Qe2 b5 14. Bg5 Be7 15.
cxb5 axb5 16. Bxf6 Bxf6 17. Rac1 Qb6+ 18. Kh1 b4 19. Nd1 Rxa2 20. Ne3 Ba6 21.
Bxa6 Qxa6 22. Qc2 Rc8 23. Ng4 Bg5 24. Rcd1 Qb5 25. f6 h5 26. Rf5 hxg4 27. Rxg5
g6 28. Qf2 Qa4 29. Rg1 Kf8 30. Qh4 Ke8 31. Qh8+ Kd7 32. Qg7 Ke6 33. Rxg6 fxg6
34. Qe7# 1-0

[Event "Women's Speed Chess Q7"]
[Site "chess.com INT"]
[Date "2021.06.06"]
[Round "18"]
[White "Purtseladze, Maka"]
[Black "Arabidze, Meri"]
[Result "0-1"]
[WhiteTitle "IM"]
[BlackTitle "IM"]
[WhiteElo "2274"]
[BlackElo "2432"]
[WhiteFideId "13602659"]
[BlackFideId "13604040"]
[EventDate "2021.06.06"]

1. b3 Nf6 2. Bb2 g6 3. Bxf6 exf6 4. c4 Bg7 5. Nc3 f5 6. g3 O-O 7. Bg2 c6 8. e3
d6 9. Nge2 Nd7 10. Nf4 Nc5 11. O-O a5 12. Rb1 Qe7 13. Qc2 h5 14. h4 Bd7 15. d4
Ne6 16. Rfd1 Nxf4 17. exf4 Rfe8 18. Qd2 Qf6 19. Na4 Ra6 20. c5 d5 21. Nb6 Qd8
22. Bf1 Rxb6 23. cxb6 Qxb6 24. b4 a4 25. b5 cxb5 26. Qb4 Re4 27. Bxb5 Bxd4 28.
Bxd7 Bxf2+ 29. Kg2 Rxb4 30. Rxb4 Qxb4 31. Kxf2 Qb2+ 32. Kf1 Qxa2 33. Bb5 Qb3 34.
Bd3 Qxd1+ 0-1

[Event "Women's Speed Chess Q7"]
[Site "chess.com INT"]
[Date "2021.06.06"]
[Round "18"]
[White "Gevorgyan, Maria"]
[Black "Dong, Khanh Linh"]
[Result "1-0"]
[WhiteTitle "WGM"]
[BlackTitle "WCM"]
[WhiteElo "2219"]
[BlackElo "1970"]
[WhiteFideId "13300270"]
[BlackFideId "12403040"]
[EventDate "2021.06.06"]

1. e4 c5 2. Nc3 Nc6 3. Bb5 g6 4. Bxc6 bxc6 5. d3 Bg7 6. Be3 d5 7. Bxc5 d4 8.
Nce2 Rb8 9. Ba3 Nf6 10. Nf3 Ng4 11. h3 Ne5 12. Nfxd4 O-O 13. O-O c5 14. Bxc5
Rxb2 15. Nb3 Rxb3 16. axb3 Nd7 17. Bxa7 Bxa1 18. Qxa1 Bb7 19. Be3 Qc7 20. Bh6 f6
21. Bxf8 Kxf8 22. Qc3 Qb6 23. d4 Kg7 24. d5 Ne5 25. Nd4 h5 26. Ne6+ Kh6 27. Qe3+
Qxe3 28. fxe3 g5 29. c4 Kg6 30. c5 Ba6 31. Ra1 Bb5 32. c6 Nf7 33. Ra8 Nd6 34. c7
Bd7 35. Nf8+ Kf7 36. Nxd7 Nxe4 37. c8=Q 1-0

[Event "Women's Speed Chess Q7"]
[Site "chess.com INT"]
[Date "2021.06.06"]
[Round "18"]
[White "Cyfka, Karina"]
[Black "Garifullina, Leya"]
[Result "0-1"]
[WhiteTitle "IM"]
[BlackTitle "WGM"]
[WhiteElo "2417"]
[BlackElo "2399"]
[WhiteFideId "1122681"]
[BlackFideId "34127035"]
[EventDate "2021.06.06"]

1. e4 c5 2. Nf3 d6 3. d4 cxd4 4. Qxd4 Nf6 5. Nc3 g6 6. Bg5 Bg7 7. O-O-O O-O 8.
Qd3 Nc6 9. h4 Qa5 10. a3 Ne5 11. Nxe5 Qxe5 12. f4 Qa5 13. Bxf6 Bxf6 14. Nd5 Bg4
15. Nxf6+ exf6 16. Be2 Bxe2 17. Qxe2 Qc5 18. Rh3 Rac8 19. Rc3 Qb6 20. Rxc8 Rxc8
21. Qd3 Rc6 22. g3 Qf2 23. Kb1 a6 24. h5 Qh2 25. hxg6 hxg6 26. f5 g5 27. Rc1 Kg7
28. b4 Qf2 29. Kb2 b5 30. Kb3 Qb6 31. c3 a5 32. Kb2 a4 33. Qd4 Qc7 34. Rh1 Rc4
35. Qd3 Qc6 36. Rd1 Rxe4 37. Qxd6 Re2+ 38. Kb1 Qxc3 39. Qd4 Qb3+ 40. Ka1 Qa2# 0-1

[Event "Women's Speed Chess Q7"]
[Site "chess.com INT"]
[Date "2021.06.06"]
[Round "18"]
[White "Ortez, Andrea"]
[Black "Head, Louise"]
[Result "0-1"]
[WhiteTitle "WIM"]
[BlackTitle "WFM"]
[WhiteElo "1969"]
[BlackElo "2090"]
[WhiteFideId "6702392"]
[BlackFideId "424773"]
[EventDate "2021.06.06"]

1. e4 c6 2. d4 d5 3. exd5 cxd5 4. c4 Nc6 5. Nc3 Nf6 6. Nf3 e6 7. Be3 Be7 8. a3
dxc4 9. Bxc4 O-O 10. O-O a6 11. Qe2 b5 12. Ba2 Bb7 13. Rac1 Bd6 14. Rfd1 Ne7 15.
Bg5 Ned5 16. Nxd5 Bxd5 17. Bxd5 exd5 18. Ne5 h6 19. Bh4 Re8 20. Qf3 Be7 21. Nc6
Qd6 22. Ne5 Rac8 23. h3 Qe6 24. Re1 Rxc1 25. Rxc1 Nd7 26. Bxe7 Nxe5 27. dxe5
Rxe7 28. Qd3 Qxe5 29. Rc8+ Re8 30. Rxe8+ Qxe8 31. Qxd5 Qe1+ 32. Kh2 Qxf2 33.
Qa8+ Kh7 34. Qxa6 Qxb2 35. Qa8 Qe5+ 36. Kh1 f5 37. Qb7 f4 0-1

[Event "Women's Speed Chess Q7"]
[Site "chess.com INT"]
[Date "2021.06.06"]
[Round "18"]
[White "Batsiashvili, Nino"]
[Black "Papp, Petra"]
[Result "0-1"]
[WhiteTitle "GM"]
[BlackTitle "WGM"]
[WhiteElo "2491"]
[BlackElo "2336"]
[WhiteFideId "13602993"]
[BlackFideId "739049"]
[EventDate "2021.06.06"]

1. c4 e5 2. Nc3 Nc6 3. Nf3 g6 4. e4 Bg7 5. g3 Nge7 6. Bg2 O-O 7. O-O h6 8. Nd5
d6 9. d3 Nxd5 10. cxd5 Ne7 11. d4 exd4 12. Nxd4 c5 13. dxc6 bxc6 14. Be3 Ba6 15.
Re1 Rb8 16. Qd2 c5 17. Ne2 Rxb2 18. Qd1 Rxe2 19. Rxe2 Bxe2 20. Qxe2 Bxa1 21.
Bxh6 Bg7 22. Be3 Qb6 23. h4 Qb2 24. Qa6 Qb6 25. Qa4 Bd4 26. Bg5 Nc6 27. h5 Qb2
28. Qxc6 Qxf2+ 29. Kh2 Be5 30. Bf4 Bxf4 31. gxf4 Qxf4+ 32. Kh3 gxh5 33. Qd5 Qg4+
34. Kh2 Qf4+ 35. Kh3 h4 36. Qd3 Qg3+ 37. Qxg3+ hxg3 38. Kxg3 Kg7 39. Kf4 Kf6 40.
Bf3 Ke7 41. Be2 Rb8 42. Bc4 Rb2 43. Bd5 a5 44. Ke3 a4 45. Kd3 a3 46. Kc3 Rb4 47.
Kd3 Rd4+ 48. Kc3 f5 49. Kb3 fxe4 50. Bxe4 Rxe4 51. Kxa3 0-1

[Event "Women's Speed Chess Q7"]
[Site "chess.com INT"]
[Date "2021.06.06"]
[Round "18"]
[White "Tania, Sachdev"]
[Black "Buksa, Nataliya"]
[Result "1/2-1/2"]
[WhiteTitle "IM"]
[BlackTitle "IM"]
[WhiteElo "2392"]
[BlackElo "2413"]
[WhiteFideId "5007844"]
[BlackFideId "14123622"]
[EventDate "2021.06.06"]

1. d4 d5 2. c4 e6 3. Nf3 Nf6 4. Nc3 Be7 5. Bf4 O-O 6. Qc2 b6 7. cxd5 Nxd5 8.
Nxd5 Qxd5 9. e4 Bb4+ 10. Bd2 Bxd2+ 11. Kxd2 Qa5+ 12. Qc3 Qxc3+ 13. bxc3 Bb7 14.
Bd3 Nd7 15. a4 c5 16. e5 Rfd8 17. Ke3 Bxf3 18. gxf3 cxd4+ 19. cxd4 Nf8 20. a5
Ng6 21. axb6 axb6 22. Rxa8 Rxa8 23. Rb1 Ne7 24. Be4 Rb8 25. f4 g6 26. Rb5 Kf8
27. h4 h5 28. Kd3 Ke8 29. Kc3 Kd7 30. d5 Rc8+ 31. Kd3 exd5 32. Bxd5 Nxd5 33.
Rxd5+ Kc6 34. Rd6+ Kc7 35. Kc4 Rd8 36. Rf6 Rd7 37. f5 gxf5 38. Rxf5 Kc6 39. Rxh5
b5+ 40. Kc3 Kd5 41. f4 Ke4 42. Rh7 Rd3+ 43. Kb4 Kxf4 44. Rxf7+ Kxe5 45. Kxb5 Rh3
46. Rh7 Kf5 47. Kc5 Kg4 48. Rg7+ Kxh4 49. Rh7+ Kg3 50. Rxh3+ Kxh3 1/2-1/2

[Event "Women's Speed Chess Q7"]
[Site "chess.com INT"]
[Date "2021.06.06"]
[Round "18"]
[White "Dauletova, Gulmira"]
[Black "Ziegenfuss, Antonia"]
[Result "1-0"]
[WhiteTitle "WGM"]
[BlackTitle "WFM"]
[WhiteElo "2257"]
[BlackElo "2157"]
[WhiteFideId "13702971"]
[BlackFideId "12962554"]
[EventDate "2021.06.06"]

1. e4 c5 2. Nf3 e6 3. d4 cxd4 4. Nxd4 Nc6 5. Nc3 Qc7 6. g3 a6 7. Bg2 Nf6 8. Nxc6
bxc6 9. O-O d5 10. Re1 Be7 11. e5 Nd7 12. h4 O-O 13. Bf4 Rb8 14. b3 Bb4 15. Re3
d4 16. Qxd4 Bc5 17. Qd3 Bxe3 18. Qxe3 c5 19. Ne4 Bb7 20. h5 c4 21. h6 g6 22. Qd4
cxb3 23. cxb3 Rfd8 24. Re1 Bxe4 25. Qxe4 Nc5 26. Qe3 Qb6 27. Qf3 Rd3 28. Qg4 Nd7
29. Qh4 Qd8 30. Bg5 Qc7 31. Bf6 Qc5 32. Be4 Rd2 33. Qf4 Rc8 34. Qxd2 Nxe5 35.
Bxe5 Qxe5 36. Bxg6 1-0

[Event "Women's Speed Chess Q7"]
[Site "chess.com INT"]
[Date "2021.06.06"]
[Round "18"]
[White "Zaksaite, Salomeja"]
[Black "Komiagina, Maria"]
[Result "0-1"]
[WhiteTitle "WIM"]
[BlackTitle "WIM"]
[WhiteElo "2202"]
[BlackElo "2241"]
[WhiteFideId "12801496"]
[BlackFideId "4153987"]
[EventDate "2021.06.06"]

1. e4 g6 2. d4 Bg7 3. Nc3 d6 4. g3 Nf6 5. Bg2 O-O 6. Nge2 Nbd7 7. h3 e5 8. Be3
Re8 9. O-O exd4 10. Bxd4 c6 11. g4 h6 12. Ng3 c5 13. Be3 Ne5 14. b3 Nc6 15. Qd2
Kh7 16. Rad1 Qa5 17. Nd5 Qxd2 18. Rxd2 Nxd5 19. Rxd5 Bf8 20. Rfd1 Nb4 21. R5d2
Nxa2 22. f4 Nc3 23. Ra1 a6 24. Rd3 Bg7 25. Re1 d5 26. e5 d4 27. Bd2 Nb5 28. f5
Rb8 29. f6 Bf8 30. Ne4 Be6 31. Bf3 Red8 32. Bc1 Nc7 33. Bb2 Nd5 34. Bc1 b5 35.
h4 Nb4 36. Rd2 c4 37. g5 c3 0-1

[Event "Women's Speed Chess Q7"]
[Site "chess.com INT"]
[Date "2021.06.06"]
[Round "18"]
[White "Zakirova, Aisha"]
[Black "Potapova, Margarita"]
[Result "1-0"]
[WhiteTitle "WCM"]
[BlackTitle "WIM"]
[WhiteElo "1585"]
[BlackElo "2260"]
[WhiteFideId "13719734"]
[BlackFideId "14126869"]
[EventDate "2021.06.06"]

1. d4 Nf6 2. c4 e6 3. Nf3 d5 4. Nc3 dxc4 5. e3 a6 6. Bxc4 b5 7. Bb3 Bb7 8. O-O
Nbd7 9. d5 Nc5 10. dxe6 Nxe6 11. Bxe6 fxe6 12. Qb3 Qe7 13. Ne5 Nd5 14. e4 Nf6
15. Bg5 h6 16. Ng6 Qd6 17. Bxf6 gxf6 18. Nxh8 Bg7 19. Rfd1 Qe7 20. Ng6 Qf7 21.
Nf4 Bc8 22. Rac1 Bd7 23. Nce2 c6 24. Ng3 Kf8 25. Rd6 c5 26. Rcd1 Ra7 27. Nxe6+
Kg8 28. Nxg7 Kxg7 29. Qxf7+ Kxf7 30. Rxd7+ Rxd7 31. Rxd7+ Ke6 32. Ra7 c4 33.
Rxa6+ Ke5 34. f4+ Kd4 35. Rxf6 b4 36. e5 c3 37. bxc3+ bxc3 38. Rc6 Kd3 39. e6 c2
40. Rxc2 Kxc2 41. e7 Kb1 42. e8=Q Kc2 43. h3 h5 44. Nxh5 Kc3 45. g4 Kc2 46. g5
Kb2 47. g6 Ka1 48. g7 Kb2 49. g8=Q Ka1 50. a4 Kb2 51. Qb5+ Ka1 52. Qg7+ Ka2 53.
Qgb2# 1-0

[Event "Women's Speed Chess Q7"]
[Site "chess.com INT"]
[Date "2021.06.06"]
[Round "18"]
[White "Gunina, Valentina"]
[Black "Semenova, Elena1"]
[Result "0-1"]
[WhiteTitle "GM"]
[BlackTitle "WIM"]
[WhiteElo "2436"]
[BlackElo "2246"]
[WhiteFideId "4167570"]
[BlackFideId "24125148"]
[EventDate "2021.06.06"]

1. d4 f5 2. c4 Nf6 3. Nf3 g6 4. g3 Bg7 5. Bg2 d6 6. O-O O-O 7. Nc3 c6 8. Qb3 Kh8
9. Bg5 Na6 10. Rad1 Qe8 11. Rfe1 e5 12. dxe5 dxe5 13. Qc2 e4 14. Nd4 Nc5 15. b4
Ne6 16. Be3 Ng4 17. Nxe6 Bxe6 18. Bd4 Qe7 19. Bc5 Qf7 20. Bxf8 Rxf8 21. c5 Qf6
22. Nb1 e3 23. f3 Nf2 24. Rc1 f4 25. g4 h5 26. h3 Bf7 27. Nc3 Qh4 28. Ne4 Bd5
29. Rf1 Bxe4 30. fxe4 Qg3 31. Rxf2 Qxf2+ 32. Kh1 f3 33. exf3 Rxf3 34. Qxf2 Rxf2
35. Re1 Bd4 36. e5 e2 37. e6 Kg7 38. e7 Kf7 39. Kh2 Bc3 40. Rc1 e1=Q 41. Rxe1
Bxe1 0-1

[Event "Women's Speed Chess Q7"]
[Site "chess.com INT"]
[Date "2021.06.06"]
[Round "18"]
[White "Mendoza, Shania Mae"]
[Black "Bommini, Mounika Akshaya"]
[Result "1-0"]
[WhiteTitle "WFM"]
[BlackTitle "WFM"]
[WhiteElo "2158"]
[BlackElo "2029"]
[WhiteFideId "5211158"]
[BlackFideId "25019872"]
[EventDate "2021.06.06"]

1. e4 Nc6 2. d4 e5 3. Nf3 exd4 4. Bc4 Nf6 5. e5 d5 6. Bb5 Ne4 7. Nxd4 Bc5 8. Be3
O-O 9. Nxc6 bxc6 10. Bxc5 cxb5 11. Bxf8 Qxf8 12. O-O c6 13. Nc3 Nc5 14. Qf3 Be6
15. Ne2 Nd7 16. Qg3 Qb4 17. Rab1 Qe4 18. Rfe1 Qxe5 19. Nf4 Qf5 20. Nxe6 fxe6 21.
Qd6 e5 22. Qxc6 Rf8 23. Qxd5+ Kh8 24. Re2 Qg4 25. Rbe1 Nf6 26. Qxe5 Nh5 27. Qc5
Rg8 28. h3 Qg6 29. Re6 Nf6 30. Qxb5 h6 31. Qd3 Qf7 32. Re7 Qxa2 33. b3 Qb2 34.
Qg6 Qd4 35. R1e3 Qd1+ 36. Kh2 Qd6+ 37. Qg3 Qd2 38. Rf3 Qxc2 39. Qh4 Qh7 40. Rxf6 1-0

[Event "Women's Speed Chess Q7"]
[Site "chess.com INT"]
[Date "2021.06.06"]
[Round "18"]
[White "Jakubowska, Anna"]
[Black "Nandhidhaa, P V"]
[Result "0-1"]
[WhiteTitle "WIM"]
[BlackTitle "WGM"]
[WhiteElo "2073"]
[BlackElo "2365"]
[WhiteFideId "1121952"]
[BlackFideId "5050847"]
[EventDate "2021.06.06"]

1. e4 c5 2. Nc3 e6 3. g3 Nc6 4. Bg2 a6 5. d3 Nf6 6. Be3 d6 7. Qd2 Be7 8. h3 b5
9. e5 Nd5 10. Nxd5 exd5 11. Bxd5 Bb7 12. exd6 Qxd6 13. Bg2 O-O 14. Ne2 Rad8 15.
O-O Rfe8 16. f4 Bf6 17. Nc3 Rxe3 18. Ne4 Rxe4 19. Bxe4 Bxb2 20. Rae1 Bd4+ 21.
Kh2 Bc8 22. Qg2 Ne7 23. f5 f6 24. Bf3 Bd7 25. Be4 Be5 26. Rf3 Bc6 27. Bxc6 Nxc6
28. Kh1 Nd4 29. Rfe3 b4 30. g4 Qd5 31. g5 Qxg2+ 32. Kxg2 Nxc2 33. Rxe5 fxe5 34.
Rxe5 Rc8 35. f6 gxf6 36. gxf6 Kf7 37. Re7+ Kxf6 38. Rxh7 a5 39. Kf2 a4 40. Ra7
a3 41. h4 Rh8 42. Rc7 Rh5 43. Kg3 Rd5 44. Kg4 Rd4+ 45. Kg3 Rxd3+ 46. Kg4 Rd4+
47. Kg3 c4 48. Rc6+ Ke5 49. Rc5+ Kd6 50. Rg5 b3 51. axb3 cxb3 52. h5 a2 53. Ra5
Rd5 54. Ra6+ Ke5 55. h6 Rd7 0-1

[Event "Women's Speed Chess Q7"]
[Site "chess.com INT"]
[Date "2021.06.06"]
[Round "18"]
[White "Cori T., Deysi"]
[Black "Kotepalli, Sai Nirupama"]
[Result "1-0"]
[WhiteTitle "WGM"]
[BlackTitle "WFM"]
[WhiteElo "2388"]
[BlackElo "1914"]
[WhiteFideId "3801934"]
[BlackFideId "5039444"]
[EventDate "2021.06.06"]

1. d4 g6 2. Nf3 Bg7 3. g3 e6 4. Bg2 Ne7 5. O-O O-O 6. Nbd2 d5 7. e4 c6 8. Re1
Nd7 9. c4 dxc4 10. Nxc4 Nb6 11. Na5 h6 12. h4 Kh7 13. Bf4 Ng8 14. Rc1 Nf6 15.
Qb3 Qe7 16. a3 Nh5 17. Be3 Qc7 18. d5 exd5 19. exd5 Nf6 20. dxc6 bxc6 21. Rxc6
Qd8 22. Rd1 Qe8 23. Rc7 Be6 24. Qc2 Qb5 25. Rc5 Qe8 26. Nd4 Rd8 27. Nac6 Rc8 28.
h5 Bg4 29. hxg6+ fxg6 30. Re1 Nbd7 31. Rc3 Qf7 32. Bf4 Nh5 33. Re7 Qf6 34. Be3
Rf7 35. Rxf7 Qxf7 36. Be4 Re8 37. Kg2 Nhf6 38. Bf3 Bxf3+ 39. Nxf3 Nd5 40. Rd3
Nxe3+ 41. fxe3 Rc8 42. Rd6 Nf6 43. Nfe5 Qb7 44. Qxg6+ Kg8 45. Kh3 Nh7 46. Rd7
Rxc6 47. Qf7+ Kh8 48. Qxg7# 1-0

[Event "Women's Speed Chess Q7"]
[Site "chess.com INT"]
[Date "2021.06.06"]
[Round "18"]
[White "Zawadzka, Jolanta"]
[Black "Vantika, Agrawal"]
[Result "0-1"]
[WhiteTitle "WGM"]
[BlackTitle "WIM"]
[WhiteElo "2403"]
[BlackElo "2286"]
[WhiteFideId "1122320"]
[BlackFideId "25050389"]
[EventDate "2021.06.06"]

1. e4 c5 2. Nc3 Nc6 3. Nf3 e6 4. d4 cxd4 5. Nxd4 Qc7 6. Be3 a6 7. Qd2 Nf6 8. f3
b5 9. O-O-O Bb7 10. g4 Nxd4 11. Bxd4 Bd6 12. Kb1 Bf4 13. Be3 Bxe3 14. Qxe3 Rc8
15. Be2 b4 16. g5 Nh5 17. Nd5 exd5 18. exd5+ Kf8 19. Qd2 Qd6 20. b3 Nf4 21. Bc4
h6 22. Rhg1 hxg5 23. Rxg5 Re8 24. Rg4 Ng6 25. Rdg1 Rxh2 26. Qd3 Qf6 27. Rf1 d6
28. Rgg1 Bc8 29. Qd1 Bf5 30. Bd3 Rc8 31. Rh1 Rxh1 32. Rxh1 Bxd3 33. Qxd3 Qc3 34.
Qe2 a5 35. f4 Re8 36. Qf2 Qf6 37. f5 Re5 38. Qa7 Qxf5 39. Qxa5 Qd7 40. Qxb4 Re8
41. Qd2 Qf5 42. a4 Kg8 43. Qh2 f6 44. Qxd6 Ne5 45. Qc6 Nxc6 46. dxc6 Qc5 0-1

[Event "Women's Speed Chess Q7"]
[Site "chess.com INT"]
[Date "2021.06.06"]
[Round "18"]
[White "Gaponenko, Inna"]
[Black "Shuvalova, Polina"]
[Result "0-1"]
[WhiteTitle "IM"]
[BlackTitle "IM"]
[WhiteElo "2357"]
[BlackElo "2489"]
[WhiteFideId "14101181"]
[BlackFideId "24171760"]
[EventDate "2021.06.06"]

1. e4 c6 2. d4 d5 3. exd5 cxd5 4. c4 Nf6 5. Nc3 e6 6. Nf3 Bb4 7. cxd5 Nxd5 8.
Bd2 O-O 9. Bd3 Nc6 10. O-O Be7 11. Nxd5 Qxd5 12. Bc3 Bf6 13. Re1 Rd8 14. Be4 Qd7
15. Qc2 h6 16. Rad1 Ne7 17. d5 Nxd5 18. Bxf6 gxf6 19. Bxd5 exd5 20. Rd4 Qc6 21.
Qd2 Kg7 22. Rh4 f5 23. Ne5 Qf6 24. Rh3 Be6 25. Rg3+ Kh8 26. Rh3 Kg7 27. Rg3+ Kh7
28. Qd4 Rg8 29. Qf4 Rg5 30. h4 Rxg3 31. fxg3 Rg8 32. Kh2 Qd8 33. Rc1 Qd6 34. Re1
d4 35. Rd1 Rd8 36. Rd3 Qd5 37. Nf3 Qe4 38. Qd2 Bxa2 39. Rxd4 Rxd4 40. Nxd4 Bd5
41. Nf3 b5 42. Qc3 a6 43. Qf6 Qe6 44. Qd4 a5 45. Ne5 a4 46. Nd3 Qe4 47. Qc3
Qxg2# 0-1

[Event "Women's Speed Chess Q7"]
[Site "chess.com INT"]
[Date "2021.06.06"]
[Round "18"]
[White "Zhuravleva, Olga"]
[Black "Pandey, Srishti"]
[Result "0-1"]
[WhiteTitle "WIM"]
[BlackTitle "WFM"]
[WhiteElo "2278"]
[BlackElo "2026"]
[WhiteFideId "4145933"]
[BlackFideId "35093290"]
[EventDate "2021.06.06"]

1. e4 e6 2. d4 d5 3. Nd2 Nc6 4. c3 Nf6 5. e5 Nd7 6. Bd3 f6 7. exf6 Qxf6 8. Ne2
Bd6 9. Nf3 e5 10. dxe5 Ndxe5 11. Nxe5 Nxe5 12. Ng3 O-O 13. O-O Nxd3 14. Qxd3 c6
15. Be3 Bg4 16. Bd4 Qh6 17. Rae1 Rae8 18. Rxe8 Rxe8 19. f3 Bd7 20. Bf2 a6 21.
Re1 Rxe1+ 22. Bxe1 Qc1 23. Kf1 Qxb2 24. Nf5 Bc5 25. h3 Qxa2 26. Bh4 Qc4 27. Qxc4
dxc4 28. Ng3 Be3 29. Ne4 Be6 30. Ke2 Ba7 31. Nd6 b5 32. f4 Kf8 33. f5 Bd5 34.
Nc8 Bc5 35. f6 gxf6 36. Bxf6 Kf7 37. Bd4 Bxd4 38. cxd4 Bxg2 39. h4 Bd5 40. Nd6+
Kg6 41. Nb7 Kh5 42. Nc5 a5 43. Na6 Kxh4 44. Kf2 Kh3 45. Nc5 h5 46. Nd7 h4 47.
Ne5 a4 48. Ng6 Kg4 49. Ne5+ Kf4 50. Ng6+ Kg5 51. Ne5 a3 52. Ke3 a2 53. Nd7 a1=Q
54. Nc5 Qc3+ 55. Ke2 h3 56. Kf2 h2 57. Ne4+ Bxe4 58. Ke2 h1=Q 59. d5 Qd3+ 60.
Kf2 Qhf3+ 61. Kg1 Qdf1+ 62. Kh2 Q3h3# 0-1